000 00264nam a2200121 i 4500
001 bg
245 0 _aPrace Studium Nauk Społecznych.
260 _aRzeszów,
_c1977.
040 _cBPK
041 _apol
942 _cKS
008 s pl f |000 0 pol
999 _c17330
_d17330
856 _uhttp://koha.tu.koszalin.pl/cgi-bin/koha/opac-detail.pl?biblionumber=17330
_yKatalog online BPK